| 000 | 01112nam a2200289 i 4500 | ||
|---|---|---|---|
| 001 | 37273 | ||
| 003 | ES-MaACL | ||
| 005 | 20260127062525.0 | ||
| 007 | t| | ||
| 008 | 030220s1966 sp ||||1| spa d | ||
| 017 |
_aMA 31-1966 _bOficina Depósito Legal Málaga |
||
| 080 | _a330.15 | ||
| 080 | _a349.6 | ||
| 100 | 1 |
_aBueno García, Francisco María _eaut _932395 |
|
| 245 | 1 | 0 |
_aProblemas jurídicos derivados del descubrimiento de bellezas naturales subterráneas : _b[conferencia] / _cFrancisco M.ª Bueno García |
| 260 |
_a[Málaga : _bs.n., _c1966] _f(Tip. La Española) |
||
| 300 |
_a31 páginas ; _c18 cm |
||
| 594 | _aConferencia pronunciada el 5 de mayo de 1965 en la Real Academia de Jurisprudencia y Legislación de Madrid | ||
| 650 | 7 |
_aRecursos naturales _2embne _916700 |
|
| 650 | 7 |
_aDerecho ambiental _2embne _911652 |
|
| 655 | 4 |
_aConferencias _9234444 |
|
| 700 |
_aReal Academia de Jurisprudencia y Legislación de España _eisb _9217612 |
||
| 852 | 4 |
_aES-MaACL _cDEPOF _j2059-F-9 |
|
| 942 |
_2udc _cFOLLETOS _n0 |
||
| 999 |
_c37273 _d37273 |
||